000 00763nam a22002657a 4500
001 8512
003 FISKH
005 20250917085010.0
008 250917b cb ||||| |||| 00| 0 eng d
040 _aFISKH
_beng
_cFISKH
_dFISKH
082 _a598.4
100 _aMoon, Cliff
245 _aPenguins in the wild
260 _aLansdowne Place :
_bWayland,
_c1984.
300 _a30 pages :
_bcolor illustrations ;
_c24 cm
505 _aH
520 _aDiscusses penguins and their day-to-day lives in the world.
521 8 _a430
_bLexile estimate
521 8 _aH
_bRaz-Plus
650 _aPenguins
_vJuvenile literature
650 _aBirds
_vJuvenile literature
650 _aWildlife
_vJuvenile literature
942 _2ddc
_cBK
_n0
999 _c8512
_d8512